000
00451nam a2200169Ia 4500
008
090711s9999 xx 000 0 und d
082
_b
1352
100
_a
किनरे जयंत
245
_a
दाह
260
_b
मधुश्री प्रकाशन
_c
1999
300
_a
168
600
_a
किनरे जयंत
630
_a
दाह
700
_a
किनरे जयंत
730
_a
दाह
942
_c
BOOK
999
_c
336336
_d
336336